1429 1523 1661 1942 1893 1200 1115 1135 1426 1244 1864 1731 1218 1571 1423 1582 1583 1499 1364 1153 1164 1926 1744 1884 1105 1914 1693 1864 1146 1184 1130 1421 1872 1956 1361 1491 1463 1805 1478 1377 1817 1553 1935 1420 1851 1651 1370 1693 1992 1476 1758 1878 1385 1428 1371 1446 1095 1698 1414 1111 1722 1245 1834 1334 1586 1178 1778 1566 1739 1025 1798 1298 1469 1924 1113 1148 1797 1928 1330 1455 1072 1261 1690 1013 1820 1539 1510 1511 1834 1863 1469 1784 1403 1896 1974 1651 1985 1897 1739 BCNSPRNW ULIB Ver.6.0+V

เปลี่ยนเป็นภาษาไทย

Change to English
 แสดงรายละเอียดบรรณานุกรม
  กลับหน้าหลัก

Brief Record : Get Marc (ISO 2709) : E-mail record : QR code < ปิดหน้าต่าง
LEADER : 00000nam 2200000uu 4500
001    13399128211
003     ULIB
008    220815s2020||||th 000 0 tha d
020    ^a9781284044799
060 04 ^aQV37^bP536
245 00 ^aPharmacology for nurses /^cEdited by Blaine Templar Smith
250    ^a2rd
260    ^aBurlington :^bJones & Bartlett Learning,^c2020
300    ^axx, 539 p. ;^c28 cm.
504    ^aIncludes bibliographical references and index
650  0 ^aPharmacology
650  0 ^aNursing
650  2 ^aDrug Therapy^xnursing
650  2 ^aPharmacological Phenomena^vNurses Instruction
650  2 ^aPharmacology^vNurses Instruction
700 1  ^aSmith, Blaine Templar,^eed.
945    ^p0^l0^i009315
999    ^aประนอม เกษจรัล
รายการนี้ยังไม่มีแท็ก
คุณยังไม่ได้ล็อกอิน คุณสามารถมีกิจกรรมร่วมกับเว็บไซต์ได้ แต่ต้องล็อกอินก่อน ::
  ล็อกอิน

รายการสื่อสารสนเทศ

ลำดับที่ ประเภท เลขเรียก/บาร์โค้ด สถานที่ สถานะ
1. วิทยาศาสตร์การแพทย์ และสุขภาพ
หนังสือสำรอง
สถานะ=หนังสือสำรอง
QV37 P536 ฉ.1 
  Barcode: 009315
ห้องสมุดวิทยาเขตสวรรค์ประชารักษ์
►หนังสือทั่วไป
บนชั้น

รายการใกล้เคียง
    หัวเรื่อง [Pharmacology]
    หัวเรื่อง [Nursing]

BibComment


ยังไม่เคยถูกคอมเมนท์

คอมเมนท์ทรัพยากรรายการนี้
  คอมเมนท์: Pharmacology for..


 Copyright 2026. Bcnsprnw @Library